000 01125nam a2200241 a 4500
001 000005010
003 OSt
005 20200929151546.0
008 090729s1999 dr abd 001 0 spa d
020 _a8493067903
040 _aDO-SdBNP
_bspa
_cBNPHU
082 _a362.1
_bG993p
100 1 _aGuzmán Marcelino, Altagracia
_d1946-
_914440
245 1 0 _aPolíticas públicas en salud :
_breflexiones, orientaciones, directrices y ejecutorias sobre Salud Pública /
_cAltagracia Guzmán Marcelino ; prólogo Hugo R. Mendoza ; presentación Socorro Gross Galiano.
260 _aSanto Domingo :
_bSecretaría de Estado de Salud Pública y Asistencia Social,
_c1999.
300 _a175p. ;
_c23 cm.
_bil., gráf., mapas, retrs.
500 _aIncluye datos biográficos de la autora en la solapa
505 2 _aPolíticas en Desarrollo Institucional de la SESPAS -- Políticas públicas en los programas de salud -- Ejecutorias de salud.
650 4 _aSalud pública
_zRepública Dominicana
_92078
650 4 _aPlanificación de la salud
_zRepública Dominicana
_914441
700 1 _aMendoza, Hugo R.
_epról.
_96390
942 _2ddc
_cLF1
999 _c4816
_d4816